Responses for show #2251 - Monday, May 23, 1994

Contestants

Larry Shackley, a musician from Wheaton, Illinois

Gregg Gendiellee, a substitute teacher from Centereach, New York

Pat Allen, a bartender and antiques dealer from Norfolk, California (whose 2-day cash winnings total $20,800)

Jeopardy! Round responses

THE BIBLE
HINTS FROM HELOISE
NATURE
MINNESOTANS
SPORTS
WHAT'S THE PITCH?
(Alex: Sounds like business to me.)
    $100 4
Bethlehem

Pat
    $100 1
candles

Pat
    $100 7
potatoes

Pat
    $100 21
Charles Schulz

Gregg
    $100 26
Kentucky Derby

Pat
    $100 16
Wheaties

Larry
    $200 9
the serpent

Larry
    $200 2
charcoal

Pat
    $200 8
(Gregg: What are whiskers?)

eyes

GreggLarry
    $200 22
(F. Scott) Fitzgerald

Larry
    $200 27
the America's Cup

Pat
    $200 17
Hershey's

Pat
    $300 10
Lazarus

Larry
    $300 3
an avocado

Larry
    $300 12
(Alex: Yes, an insect.)

six

Larry
    $300 23
(Warren) Burger

Larry
    $300 28
the decathlon

Larry
    $300 18
McDonald's

Larry
    $400 11
Judges

Pat
    $400 5
roses

Pat
    $400 14
(Larry: What is the kangaroo?)

the pelican

GreggLarry
    $400 24
(John Paul) Getty

Pat
    $400 29
the (Colorado) Rockies

Larry
    $400 19
the Yellow Pages

Pat
    $500 13
the Romans

Larry
    $500 6
iron them

Pat
    $500 15
the pine

Gregg
    $1,000 25
(Alex: You picked the most famous Minnesotan you can think of…that's right!)

(Hubert H.) Humphrey

Pat
    $500 30
UCLA

Pat
    $500 20
(Alex: …you want those photos.)

Kodak

Triple Stumper

Scores at the first commercial break (after clue 15):

Pat Gregg Larry
$1,800 $700 $1,400

Scores at the end of the Jeopardy! Round:

Pat Gregg Larry
$4,600 $800 $3,000

Double Jeopardy! Round responses

BRITISH HISTORY
'50s FILM FACTS
THE ARMED FORCES
U.S. GEOGRAPHY
FASHION
THROUGH THE LOOKING-GLASS
    $200 3
castles

Larry
    $200 8
Audrey Hepburn

Gregg
    $200 1
the Marine Corps

Pat
    $200 2
the Gulf of Mexico

Larry
    $200 26
pants

Larry
    $200 17
Lewis Carroll

Larry
    $400 4
rugby football

Larry
    $400 9
Elvis Presley

Larry
    $400 22
the Green Berets

Gregg
    $1,300 13
(Larry: What is the Susquehanna?)

the Ohio River

Larry
    $400 27
pearls

Pat
    $400 18
(Pat: Who are the Mad Hatter and, uh, uh, oh…)

the Mad Hatter & the March Hare

PatLarry
    $600 5
Becket

Larry
    $600 10
the Brownings

Larry
    $600 23
stealth

Pat
    $600 14
the Mojave

Larry
    $600 28
the Gap

Larry
    $600 19
Tweedle-Dee & Tweedle-Dum

Larry
    $1,000 6
Charles I

Larry
    $800 11
(Charlie) Chaplin

Larry
    $800 24
(Pat: What is the Women's Air Force?)

the Women's Army Corps

PatGregg
    $800 15
(Pat: What is the Smoky Mountains?)

the Blue Ridge Mountains

Pat
Triple Stumper
    $800 29
Yves Saint-Laurent

Larry
    $800 20
Humpty Dumpty

Larry
    $1000 7
Hampton Court

Larry
    $1000 12
Kim

Larry
    $1000 25
(Pat: What is commander?)
(Gregg: What is commodore?)

captain

PatGregg
Triple Stumper
    $1000 16
Champaign

Larry
    $1000 30
a flounce

Gregg
    $1000 21
Disraeli

Gregg

Scores at the end of the Double Jeopardy! Round:

Pat Gregg Larry
$2,800 $3,200 $13,100
(lock game)

[wagering suggestions for these scores]

Final Jeopardy! Round responses

BEST SELLERS
PatWhat is Bonfire of the Vanities?
$2,750
GreggWhat Name of
$3,100
LarryWhat is ?
$1,900
Bonfire of the Vanities

Final scores:

Pat Gregg Larry
$5,550 $100 $11,200
2nd place: a trip for 2 to St. Thomas, US VIrgin Islands 3rd place: a Croton watch and Jeopardy!/Wheel of Fortune video games for the Super Nintendo and Sega Genesis New champion: $11,200

Game dynamics:

Coryat scores:

Pat Gregg Larry
$2,300 $3,200 $14,200
17 R
(including 1 DD),
4 W
8 R,
2 W
31 R
(including 1 DD),
2 W
(including 1 DD)

Combined Coryat: $19,700

The J! Archive is created by fans, for fans. Scraping, republication, monetization, and malicious use prohibited; this site may use cookies and collect identifying information. See terms. The Jeopardy! game show and all elements thereof, including but not limited to copyright and trademark thereto, are the property of Jeopardy Productions, Inc. and are protected under law. This website is not affiliated with, sponsored by, or operated by Jeopardy Productions, Inc. Join the discussion at JBoard.tv.